Príprava podkladov prezentácií s využitím LCD projektora v oblasti účtovníctva

Problematika účtovania zásob obsiahnutých v predmete Účtovníctvo B a problematika hospodárskych operácií, účtovných zápisov a účtovných kníh obsiahnutých v predmete Účtovníctvo A.

Guardado en:
Detalles Bibliográficos
Autor principal: Gogová, Monika
Formato: Capítulo de libro
Lenguaje:eslovaco
Materias:
Etiquetas: Agregar Etiqueta
Sin Etiquetas, Sea el primero en etiquetar este registro!

MARC

LEADER 00000naa$a2200000$$$4500
001 0042360
005 20240502071515.1
041 0 |a slo 
044 |a SK 
245 1 0 |a Príprava podkladov prezentácií s využitím LCD projektora v oblasti účtovníctva  |c Monika Gogová 
520 |a Problematika účtovania zásob obsiahnutých v predmete Účtovníctvo B a problematika hospodárskych operácií, účtovných zápisov a účtovných kníh obsiahnutých v predmete Účtovníctvo A. 
610 2 0 |a účtovníctvo 
610 2 0 |a predmety učebné 
610 2 0 |a knihy účtovné 
610 2 0 |a zápisy účtovné 
100 1 |a Gogová, Monika